Cuando se cierra el telón /
Guardat en:
| Autor principal: | |
|---|---|
| Altres autors: | |
| Format: | Electrònic eBook |
| Idioma: | espanyol àrab |
| Publicat: |
Bogotá, D. C., Colombia :
Ediciones Uniandes,
[2024]
|
| Edició: | Primera edición en español. |
| Col·lecció: | Tándem Narrativa.
|
| Matèries: | |
| Accés en línia: | Digitalia Hispánica |
| Etiquetes: |
Afegir etiqueta
Sense etiquetes, Sigues el primer a etiquetar aquest registre!
|
MARC
| LEADER | 00000nam a2200000Ii 4500 | ||
|---|---|---|---|
| 001 | DIGUANDES764 | ||
| 003 | NyNyDIG | ||
| 006 | m o d | ||
| 007 | cr ||||||||||| | ||
| 008 | 241203s2024 ck o 000 f spa d | ||
| 035 | |a (OCoLC)1482221811 | ||
| 040 | |a DGITA |b eng |e rda |e pn |c DGITA | ||
| 020 | |a 9789587986358 |q e-book | ||
| 020 | |a 9789587986365 |q e-pub | ||
| 020 | |z 9789587986341 | ||
| 024 | 7 | |a 10.51573/Andes.9789587986341.9789587986358.9789587986365 |2 doi | |
| 041 | 1 | |a spa |h ara | |
| 050 | 1 | 4 | |a PJ7910.F51 ebook |
| 100 | 1 | |a Afia, Amr, |e author. | |
| 245 | 1 | 0 | |a Cuando se cierra el telón / |c Amr Afia ; traducción del árabe, Salvador Peña Martín. |
| 250 | |a Primera edición en español. | ||
| 264 | 1 | |a Bogotá, D. C., Colombia : |b Ediciones Uniandes, |c [2024] | |
| 300 | |a 1 online resource. | ||
| 336 | |a text |b txt |2 rdacontent | ||
| 337 | |a computer |b c |2 rdamedia | ||
| 338 | |a online resource |b cr |2 rdacarrier | ||
| 347 | |a text file |2 rdaft | ||
| 347 | |b PDF | ||
| 347 | |b EPUB | ||
| 490 | 1 | |a Tándem Narrativa | |
| 586 | |a Premio de la Feria Internacional del Libro de El Cairo, 2023 | ||
| 588 | 0 | |a Online resource; title from PDF title page (Digitalia, viewed December 3, 2024) | |
| 655 | 7 | |a Novels. |2 lcgft | |
| 700 | 1 | |a Peña, Salvador, |e translator. | |
| 791 | 2 | |a Digitalia (Firm), |e distributor. | |
| 793 | 0 | |g Digitalia eBook Collection: |a Universidad de los Andes | |
| 776 | 0 | 8 | |i Print version: |a Afia, Amr. |t Cuando se cierra el telón. |b Primera edición en español. |d Bogotá, D. C., Colombia : Ediciones Uniandes, [2024] |z 9789587986341 |
| 830 | 0 | |a Tándem Narrativa. | |
| 856 | 4 | 0 | |3 Digitalia Hispánica |u https://digitalia.unach.elogim.com/a/163360/ |
| 910 | |a Premium collection: 2024 | ||